| 000 | 01138cam a22002891i 4500 | ||
|---|---|---|---|
| 003 | SA-RiAUC | ||
| 005 | 20241125070721.0 | ||
| 008 | 241124s1984 su g b 00010 ara c | ||
| 040 |
_aSA-RiAUC _bara _cSA-RiAUC _erda |
||
| 082 | 0 | 4 |
_a219.5 _qSA-RiAUC |
| 090 |
_a219.5 _bز ي ن |
||
| 100 | 1 |
_aالزيني، عبد الوهاب سليم _eمؤلف. |
|
| 245 | 1 | 2 |
_aالإعلام في خدمة الدعوة للائتمان الإسلامي / _cتأليف عبد الوهاب سليم الزيني. |
| 250 | _aالطبعة الأولى. | ||
| 264 | 1 |
_aالرياض : _bمكتبة الخريجي، _c1984 |
|
| 300 |
_aأ-ر، 448 صفحة ؛ _c24 سم |
||
| 336 |
_aنص _btxt _2rdacontent _3كتاب |
||
| 337 |
_aبدون وسيط _bn _2rdamedia |
||
| 338 |
_aمجلد _bnc _2rdacarrier |
||
| 504 | _aببليوجرافية : صفحة 409-429. | ||
| 650 | 7 |
_aالإسلام والتأمين _2aucsh |
|
| 650 | 7 |
_aالائتمان (فقه إسلامي) _2aucsh |
|
| 650 | 7 |
_aالإعلام _xجوانب اجتماعية _2aucsh |
|
| 942 |
_2ddc _cBOOK _n0 |
||
| 949 |
_aSA-JeALM _d241124 _umohamedma123 _n1 |
||
| 999 |
_c2759 _d2759 |
||